书目信息 |
| 题名: |
时代楷模·2017
|
|
| 作者: | ;中共中央宣传部 编 | |
| 分册: | 黄大年 | |
| 出版信息: | 北京 学习出版社 2017 |
|
| 页数: | 221页 | |
| 开本: | 24cm | |
| 丛书名: | ||
| 单 册: | ||
| 中图分类: | I253.2 , K826.14=76 | |
| 科图分类: | ||
| 主题词: | 新闻报道--作品集--中国--当代 , 地球物理学--科学家--生平事迹--中国--现代 | |
| 电子资源: | ||
| ISBN: | 978-7-5147-0807-3 | |
| 000 | 01005nam0 2200277 450 | |
| 001 | 012001001558 | |
| 005 | 20140921103355.0 | |
| 010 | @a978-7-5147-0807-3@dCNY62.00 | |
| 100 | @a20180412d2017 em y0chiy50 ea | |
| 101 | 0 | @achi |
| 102 | @aCN@b110000 | |
| 105 | @aa z 000zb | |
| 106 | @ar | |
| 200 | 1 | @a时代楷模·2017@9shi dai kai mo ·2017@i黄大年@f中共中央宣传部宣传教育局编 |
| 210 | @a北京@c学习出版社@d2017 | |
| 215 | @a221页@c彩照@d24cm@e1光盘 | |
| 307 | @a附光盘:ISBN 978-7-88744-346-5 | |
| 330 | @a本书收录了人民日报、新华社及中央电视台等媒体的报道文章、视频节目,通过图文结合、链接网络媒体的方式,多侧面地呈现了黄大发“当代愚公”的崇高形象。 | |
| 606 | 0 | @a新闻报道@x作品集@y中国@z当代 |
| 606 | 0 | @a地球物理学@x科学家@x生平事迹@y中国@z现代 |
| 610 | 0 | @a黄大年(1958- ) |
| 690 | @aI253.2@v5 | |
| 690 | @aK826.14=76@v5 | |
| 711 | 02 | @a中共中央宣传部@9zhong gong zhong yang xuan chuan bu@b宣传教育局@4编 |
| 801 | 0 | @aCN@b上海新华@c20180901 |
| 905 | @b1152042-6@dI253.2@e1054@f5 | |
| 时代楷模·2017.黄大年/中共中央宣传部宣传教育局编.-北京:学习出版社,2017 |
| 221页:彩照;24cm+1光盘 |
| ISBN 978-7-5147-0807-3:CNY62.00 |
| 本书收录了人民日报、新华社及中央电视台等媒体的报道文章、视频节目,通过图文结合、链接网络媒体的方式,多侧面地呈现了黄大发“当代愚公”的崇高形象。 |
| ● |
| 相关链接 |
|
|
|
|
正题名:时代楷模·2017
索取号:I253.2/1054
 
预约/预借
| 序号 | 登录号 | 条形码 | 馆藏地/架位号 | 状态 | 备注 |
| 1 | 1152042 | 211520424 | 第一样本阅览室/ [索取号:I253.2/1054] | 在馆 | |
| 2 | 1152043 | 211520433 | 密集书库-文学院/ [索取号:I253.2/1054] | 在馆 | |
| 3 | 1152044 | 211520442 | 第二借阅区/ [索取号:I253.2/1054] | 在馆 | |
| 4 | 1152045 | 211520451 | 第二借阅区/ [索取号:I253.2/1054] | 在馆 | |
| 5 | 1152046 | 211520460 | 第二借阅区/ [索取号:I253.2/1054] | 在馆 |